000 00373nam a22001457a 4500
005 20250327105647.0
008 250327b |||||||| |||| 00| 0 eng d
020 _a0706989422
050 _aHF1379
_bVAR
100 _aVarma, M.L.
245 _aInternational trade
260 _aNew Delhi
_bUBS Publishers Distributors Ltd.
_cc1995
300 _axv, 298p
942 _2lcc
_cBK
_n0
999 _c5248
_d5248